Principales villes de la mégalopole européenne sur une carte - Statistiques

Statistiques générales
  • Ce quiz a été pris 878 fois
  • Le résultat moyen est 14 sur 21
Réponses sur la Carte
Les réponses sont colorées sur une échelle allant du rouge au vert en fonction du pourcentage des utilisateurs qui les ont devinées à leur premier essai. Vous pouvez retrouver ces pourcentages ci-dessous.
 
Statistiques - réponses
Population Ville % Correct
14.8 mil Londres
99%
2.70 mil Bruxelles
93%
6.20 mil Milan
90%
2.48 mil Amsterdam
89%
3.05 mil Manchester
84%
1.88 mil Liverpool
81%
2.25 mil Munich
81%
3.25 mil Rotterdam
81%
1.64 mil Turin
77%
1.43 mil Zurich
77%
3.25 mil Francfort
71%
1.29 mil Lille
70%
5.00 mil Cologne / Düsseldorf
69%
3.15 mil Birmingham
62%
5.70 mil Ruhr
58%
2.40 mil Stuttgart
52%
2.18 mil Leeds
48%
1.20 mil Nuremberg
36%
1.38 mil Nottingham
27%
1.67 mil Sheffield
27%
1.58 mil Mannheim
24%
Aucun quiz correspondant
Distribution des résultats
% des personnes avec chaque résultat
Percentile par nombre de réponses
Votre historique - résultats
Vous n’avez pas pris ce quiz